Tables of random permutations / (Record no. 6950)
[ view plain ]
| 000 -LEADER | |
|---|---|
| fixed length control field | 00802nam a22002651 4500 |
| 001 - CONTROL NUMBER | |
| control field | 6950 |
| 003 - CONTROL NUMBER IDENTIFIER | |
| rucl marc code | BD-RjUL |
| 005 - DATE AND TIME OF LATEST TRANSACTION | |
| control field | 20211208234338.0 |
| 008 - FIXED-LENGTH DATA ELEMENTS--GENERAL INFORMATION | |
| fixed length control field | 120114s1963 cau 000 0 eng |
| 035 ## - SYSTEM CONTROL NUMBER | |
| System control number | (BD-RjUL)6992 |
| 040 ## - CATALOGING SOURCE | |
| Original cataloging agency | DLC/ICU |
| Transcribing agency | ICU |
| Modifying agency | DLC |
| -- | BD-RjUL |
| Language of cataloging | eng |
| 041 ## - LANGUAGE CODE | |
| Language code of text/sound track or separate title | eng |
| 082 00 - DEWEY DECIMAL CLASSIFICATION NUMBER | |
| Classification number | 512.5 |
| Edition number | 19 |
| Author mark and year | MOT 1963 |
| 100 1# - MAIN ENTRY--PERSONAL NAME | |
| Personal name | Moses, Lincoln E. |
| 9 (RLIN) | 21796 |
| 245 10 - TITLE STATEMENT | |
| Title | Tables of random permutations / |
| Statement of responsibility, etc. | Lincoln E. Moses and Robert V. Oakford. |
| 260 ## - PUBLICATION, DISTRIBUTION, ETC. (IMPRINT) | |
| Place of publication, distribution, etc. | Stanford, Calif. : |
| Name of publisher, distributor, etc. | Stanford University Press, |
| Date of publication, distribution, etc. | 1963. |
| 300 ## - PHYSICAL DESCRIPTION | |
| Pagination | 233 p. , |
| Size | 25 cm. |
| 650 #0 - SUBJECT ADDED ENTRY--TOPICAL TERM | |
| Topical term or geographic name as entry element | Permutations |
| General subdivision | Tables. |
| 9 (RLIN) | 21797 |
| Topical term or geographic name as entry element | Stochastic processes. |
| 9 (RLIN) | 21798 |
| 700 1# - ADDED ENTRY--PERSONAL NAME | |
| Personal name | Oakford, Robert V., |
| Relator term | joint author. |
| 942 ## - ADDED ENTRY ELEMENTS (KOHA) | |
| Source of classification or shelving scheme | Dewey Decimal Classification |
| Koha item type | Books |
| Lost status | Source of classification or shelving scheme | Damaged status | Not for loan | Permanent Location | Current Location | Shelving location | Date acquired | Source of acquisition | Cost, normal purchase price | Total Checkouts | Full call number | Date last seen | Copy number | Koha item type | Collection code |
|---|---|---|---|---|---|---|---|---|---|---|---|---|---|---|---|
| Dewey Decimal Classification | Central Library, University of Rajshahi | Central Library, University of Rajshahi | 26/11/1965 | Zeitlinger | 56.00 | 512.5 MOT 1963 | 13/01/2014 | C-5 | Books | ||||||
| Dewey Decimal Classification | Central Library, University of Rajshahi | Central Library, University of Rajshahi | 26/11/1965 | Zeithinger | 56.00 | 512.5 MOT 1963 | 31/08/2016 | C-2 | Books | Non-fiction | |||||
| Dewey Decimal Classification | Central Library, University of Rajshahi | Central Library, University of Rajshahi | 26/11/1965 | Zeithinger | 56.00 | 512.5 MOT 1963 | 31/08/2016 | C-7 | Books | Non-fiction | |||||
| Dewey Decimal Classification | Central Library, University of Rajshahi | Central Library, University of Rajshahi | 26/11/1965 | Zeithinger | 56.00 | 512.5 MOT 1963 | 31/08/2016 | C-6 | Books | Non-fiction | |||||
| Dewey Decimal Classification | Central Library, University of Rajshahi | Central Library, University of Rajshahi | 26/11/1965 | Zeithinger | 56.00 | 512.5 MOT 1963 | 31/08/2016 | C-4 | Books | Non-fiction | |||||
| Dewey Decimal Classification | Central Library, University of Rajshahi | Central Library, University of Rajshahi | 26/11/1965 | Zeithinger | 56.00 | 512.5 MOT 1963 | 31/08/2016 | C-3 | Books | Non-fiction |